Harrison Ford movie by character - Statistics

General Stats
  • This quiz has been taken 19 times
  • The average score is 7 of 15
Answer Stats
Hint Answer % Correct
Indiana Jones Raiders of the Lost Ark
100%
Han Solo Star Wars
100%
Dr. Richard Kimble The Fugitive
87%
Jack Ryan Patriot Games/Clear and Present Danger
80%
President James Marshall Air Force One
73%
Branch Rickey 42
53%
Colonel Lucas Apocalypse Now
47%
Bob Falfa American Graffiti
40%
Henry Turner Regarding Henry
40%
Quinn Harris 6 Days 7 Nights
27%
Jack Stanfield Firewall
27%
John Thornton Call of the Wild
13%
Colonel Barnsby Force 10 From Navarone
13%
David Halloran Hanover Street
13%
Alexei Vostrikov K-19: The Widowmaker
13%
No matching quizzes found
Score Distribution
Percent of People with Each Score
Percentile by Number Answered
Your Score History
You have not taken this quiz